000 00924nam a2200313Ia 4500
008 160803s9999 xx 000 0 und d
020 _a9780545208093
100 _aParish, Herman
245 _aAmelia Bedelia and the cat /
245 _cstory by Herman Parish ; pictures by Lynn Sweat.
260 _aNew York :
260 _bScholastic Inc.
260 _c2008
300 _a48 pages :
300 _bcolor illustrations ;
300 _c23 cm.
500 _a"This edition is available for distribution only through the school market"--Page 4 of cover.
650 _aAmelia-Bedelia -- (Fictitious character) --
650 _aAmelia-Bedelia (Fictitious character) --
650 _aCats --
650 _aKittens --
650 _aKittens --
650 _xFiction.
650 _xFiction.
650 _xFiction.
650 _xJuvenile fiction.
650 _xJuvenile fiction.
700 _a400
999 _c298186
_d298186